| 000 -ლიდერი |
| ფიქსირებული სიგრძის საკონტროლო ველი |
01684nam a22002537a 4500 |
| 003 - საკონტროლო ნომრის იდენტიფიკატორი |
| საკონტროლო ველი |
Ge_BSU |
| 005 - ბოლო ოპერაციის თარიღი და დრო |
| საკონტროლო ველი |
20190610143152.0 |
| 008 - ფიქსირებული სიგრძის მონაცემთა ელემენტები - ზოგადი ინფორმაცია |
| ფიქსირებული სიგრძის საკონტროლო ველი |
190610s2012 ge ||||| |||| 00| 0 geo d |
| 020 ## - წიგნის საერთაშორისო სტანდარტული ნომერი |
| International Standard Book Number |
9789941195914[ |
| 041 ## - ენის კოდი |
| Language code of text/sound track or separate title |
geo |
| 080 ## - უნივერსალური ათობითი კლასიფიკაციის ინდექსი |
| Universal Decimal Classification number |
27-9+27-242+27+246 გ–59 |
| 100 ## - მთავარი ჩანაწერი - პიროვნების სახელი |
| Personal name |
გოგებაშვილი, იაკობ |
| 9 (RLIN) |
2095 |
| 245 ## - ცნობა სათაურის შესახებ |
| Title |
საღმრთო ისტორია : კოლექცია ბავშვებისათვის : 24 წიგნად : |
| Remainder of title |
წ. 16 / |
| Statement of responsibility, etc |
იაკობ გოგებაშვილი ; მთ. რედ. მაია ალუდაური ; მხატვ.: გოჩა კაკაბაძე, მამუკა შენგელია ; ტექსტის რედ. მუშაობდნენ: ზურაბ სარჯველაძე, თამაზ ტონია, თამაზ ჩუბინიძე. |
| 264 ## - წარმოების, გამოცემის, დისტრიბუციის და სხვა ცნობები |
| გამოცემის, წარმოების, დისტრიბუციის... ადგილი |
თბილისი : |
| გამოცემის, წარმოების, დისტრიბუციის... სახელწოდება |
პალიტრა L, |
| გამოცემის, წარმოების, დისტრიბუციის... თარიღი |
2012. |
| 300 ## - ფიზიკური აღწერა |
| Extent |
48 გვ. : |
| Other physical details |
ილ., |
| Dimensions |
21სმ. |
| 490 ## - სერიის ცნობა |
| Series statement |
ჟურნალ "კარიბჭის" ბიბლიოთეკა |
| 500 ## - ზოგადი შენიშვნა |
| General note |
იბეჭდება სრ. საქ. კათოლიკოს-პატრიარქის ილია II-ის ლოცვა-კურთხევით. |
| 653 ## - INDEX TERM--UNCONTROLLED |
| Uncontrolled term |
რელიგია |
| 653 ## - INDEX TERM--UNCONTROLLED |
| Uncontrolled term |
ქრისტიანობა |
| 700 ## - ADDED ENTRY--PERSONAL NAME |
| Personal name |
ალუდაური, მაია |
| Relator term |
რედაქტორი |
| 9 (RLIN) |
2096 |
| 700 ## - ADDED ENTRY--PERSONAL NAME |
| Personal name |
სარჯველაძე, ზურაბ |
| Relator term |
რედაქტორი |
| 9 (RLIN) |
2320 |
| 700 ## - ADDED ENTRY--PERSONAL NAME |
| Personal name |
ტონია, თამაზ |
| Relator term |
რედაქტორი |
| 9 (RLIN) |
2097 |
| 942 ## - ADDED ENTRY ELEMENTS (KOHA) |
| Source of classification or shelving scheme |
|
| Koha item type |
წიგნი |